| 000 | 01294nam a2200301 i 4500 | ||
|---|---|---|---|
| 001 | 46402 | ||
| 003 | ES-MaACL | ||
| 005 | 20250905133545.0 | ||
| 007 | t| | ||
| 008 | 030328s1946 ag ||||1| spa d | ||
| 245 | 0 | 3 |
_aEl concepto contemporáneo de España _b: [antología de ensayos 1895-1931] / _cpor Angel del Río y M. J. Benardete. |
| 260 |
_aBuenos Aires : _bLosada, _c[1946] ( _fLópez) |
||
| 300 |
_a741 p. ; _c24 cm. |
||
| 490 | 1 | _aGrandes antologías | |
| 500 | _aPrecede al tít.: Hispanic Institute in the United States. | ||
| 510 |
_aCCPB, _c000894235-8 |
||
| 650 | 7 |
_9164452 _aEnsayo español- _xHistoria y crítica |
|
| 650 | 0 |
_9236766 _aantologia |
|
| 700 | 1 |
_aRío, Ángel del, _d1900-1962 _997297 |
|
| 700 | 1 |
_aBenardete, M. J. _927428 |
|
| 710 | 2 |
_aHispanic Institute in the United States. _94582 |
|
| 830 | 0 | 0 |
_aGrandes antologías (Losada) _9229979 |
| 852 |
_aES-MaACL _jD-6525 _bR.30264 _bR.M. 6116 _cSVI _fSello en tinta azul de la Biblioteca del Ateneo de Madrid _948128 _gAnotación manuscrita en hoja de guarda: "120" _xEncuadernación en tela verde |
||
| 942 |
_2udc _cMONOGRAFIA |
||
| 999 |
_c46402 _d46402 |
||